00570nam a2200181 a 450000100100000000500170001000800410002702000180006804000250008610000400011124500510015126000320020230000280023449000130026250000690027558600310034483000130037500004255620201002040231.0140127s2009 sp a 000 0 spa d a9788497402781 aDO-SdBNPbspacBNPHU1 aMuñoz Aguirre, Juan Manueld1959-13aUn Alma Aparte /cJuan Manuel Muñoz Aguirre. aMadrid, :bCastalia,c2009. a348 p. :bil. ;c21 cm.1 aAlbatros aIncluye datos biográficos del auto en la solapa de la cubierta aXI premio tiflos de novela 0aAlbatros